000 00637nam a2200229Ia 4500
003 OSt
005 20220926001125.0
006 a|||||r|||| 00| 0
007 ta
008 220923b |||||||| |||| 00| 0 eng d
037 _cGeneral Book
040 _aRTL
_cRTL
_beng
041 _2eng
_aeng
082 _aV2,31p.N60, K0
110 _aINDIA, LOK SABHA
_998267
245 0 _aLok sabha debates
_b 11th session
260 _a New Delhi
_bLok Sabha Secretariat
_c1982
300 _av,2558-5256p
_ccm.
700 _aINDIA, LOK SABHA
_998268
942 _hV2,31p.N60, K0
_cGB
_2CC
999 _c600586
_d600586